000
00294nam a22001097a 4500
082
_a
540 STO'L
100
_a
STONE, HOSMER W,MCCULLOUGH, JAMES D
_9
77991
245
_a
LABORATORY STUDIES AND PROBLEMS IN GENERAL CHEMISTRY
260
_a
NEWYORK
_b
MCGRAW HILL
_c
1963
300
_a
337P
942
_c
BK
999
_c
583154
_d
583154